コンテンツを見る

Учебно-методическое пособие по дисциплине «Организационно-экономический механизм функционирования АПК» для аспирантов направления 38.06.01 – Экономика, профиль подготовки: 08.00.05 - Экономика и управление народным хозяйством

Пособие предназначено для изучения и закрепления знаний по дисциплине «Организационно-экономический механизм функционирования АПК». В учебно-методическом пособии раскрываются сущность и функции организационно-экономического механизма развития АПК в современных условиях, дается информация по стратеги...

詳細記述

保存先:
書誌詳細
第一著者: Савкин В. И.
フォーマット: Книга
言語:Russian
出版事項: Орел ОрелГАУ 2016
オンライン・アクセス:https://e.lanbook.com/book/106929
https://e.lanbook.com/img/cover/book/106929.jpg
タグ: タグ追加
タグなし, このレコードへの初めてのタグを付けませんか!
LEADER 02021nam0a2200241 i 4500
001 106929
003 RuSpLAN
005 20221220174013.0
008 221220s2016 ru gs 000 0 rus
040 |a RuSpLAN 
041 0 |a rus 
044 |a ru 
080 |a 372.863 
245 0 0 |a Учебно-методическое пособие по дисциплине «Организационно-экономический механизм функционирования АПК» для аспирантов направления 38.06.01 – Экономика, профиль подготовки: 08.00.05 - Экономика и управление народным хозяйством  |c Савкин В. И. 
260 |a Орел  |b ОрелГАУ  |c 2016 
300 |a 84 с. 
504 |a Библиогр.: доступна в карточке книги, на сайте ЭБС Лань 
520 8 |a Пособие предназначено для изучения и закрепления знаний по дисциплине «Организационно-экономический механизм функционирования АПК». В учебно-методическом пособии раскрываются сущность и функции организационно-экономического механизма развития АПК в современных условиях, дается информация по стратегическому и инновационному развитию отрасли, а также особенностям многофункционального развития аграрного сектора экономики. 
521 8 |a Книга из коллекции ОрелГАУ - Ветеринария и сельское хозяйство 
100 1 |a Савкин В. И. 
856 4 |u https://e.lanbook.com/book/106929 
856 4 8 |u https://e.lanbook.com/img/cover/book/106929.jpg 
953 |a https://e.lanbook.com/img/cover/book/106929.jpg